000 00318nam a22001337a 4500
008 170419b xxu||||| |||| 00| 0 eng d
020 _a9780471420842
041 _aeng
080 _26 ED
_a579
100 _a11
101 _aSHM
245 _aMICROBIOLOGY PRINCIPLES AND EXPLORATION
_cBLACK.J.G
942 _2udc
_cBK
999 _c11202
_d11202